[Event "5th Prague Masters 2023"]
[Site "Prague CZE"]
[Date "2023.06.21"]
[Round "1.1"]
[White "Nguyen, Thai Dai Van"]
[Black "Harikrishna, Pentala"]
[Result "1/2-1/2"]
[WhiteTitle "GM"]
[BlackTitle "GM"]
[WhiteElo "2653"]
[BlackElo "2704"]
[WhiteFideId "358878"]
[BlackFideId "5007003"]
[EventDate "2023.06.21"]

1. e4 e5 2. Nf3 Nc6 3. Bb5 Nf6 4. d3 Bc5 5. c3 O-O 6. O-O d5 7. Nbd2 Re8 8. exd5
a6 9. Bxc6 bxc6 10. Nb3 Qxd5 11. c4 Qd6 12. Nxc5 Qxc5 13. d4 exd4 14. Qxd4 Qh5
15. Be3 Ne4 16. Bf4 c5 17. Qd3 Bf5 18. Qa3 f6 19. Bxc7 Qf7 20. Bf4 Qxc4 21. Rac1
Qf7 22. Rfe1 h6 23. h3 c4 24. Qa4 Rec8 25. Be3 Bg6 26. Qa5 Rcb8 27. Qa3 Rd8 28.
Nd4 Kh7 29. Ne2 Bf5 30. Qa4 Nd6 31. Red1 Qb7 32. Qa3 Nf7 33. Ng3 1/2-1/2

[Event "5th Prague Masters 2023"]
[Site "Prague CZE"]
[Date "2023.06.21"]
[Round "1.3"]
[White "Navara, David"]
[Black "Deac, Bogdan-Daniel"]
[Result "1/2-1/2"]
[WhiteTitle "GM"]
[BlackTitle "GM"]
[WhiteElo "2689"]
[BlackElo "2693"]
[WhiteFideId "309095"]
[BlackFideId "1226380"]
[EventDate "2023.06.21"]

1. d4 Nf6 2. c4 e6 3. Nf3 d5 4. Nc3 Be7 5. g3 O-O 6. Bg2 Nbd7 7. Qd3 a6 8. Bf4
c5 9. cxd5 Nxd5 10. Nxd5 exd5 11. dxc5 Nxc5 12. Qc2 g6 13. O-O Bf5 14. Qd1 Be4
15. Rc1 Ne6 16. Be3 Bf6 17. Nd4 Bxg2 18. Kxg2 Re8 19. Rc2 Qa5 20. b3 Rac8 21.
Nxe6 fxe6 22. Qc1 Rxc2 23. Qxc2 Qc3 24. Rc1 Qxc2 25. Rxc2 Kf7 26. f4 e5 27. Rc7+
Re7 28. Rxe7+ Kxe7 29. fxe5 Bxe5 30. Kf3 Ke6 31. h3 h5 32. g4 hxg4+ 33. Kxg4 Bf6 1/2-1/2

[Event "5th Prague Masters 2023"]
[Site "Prague CZE"]
[Date "2023.06.21"]
[Round "1.4"]
[White "Shankland, Sam"]
[Black "Gelfand, Boris"]
[Result "1/2-1/2"]
[WhiteTitle "GM"]
[BlackTitle "GM"]
[WhiteElo "2711"]
[BlackElo "2668"]
[WhiteFideId "2004887"]
[BlackFideId "2805677"]
[EventDate "2023.06.21"]

1. e4 c5 2. Nf3 e6 3. g3 d5 4. exd5 exd5 5. d4 cxd4 6. Nxd4 Nc6 7. Be3 Nf6 8.
Bg2 Bb4+ 9. c3 Ba5 10. O-O O-O 11. Nd2 Re8 12. Re1 Bb6 13. N2f3 Bg4 14. Qd3 Bh5
15. Bg5 Rxe1+ 16. Rxe1 h6 17. Be3 Qd7 18. Nxc6 bxc6 19. c4 Re8 20. Bxb6 Rxe1+
21. Nxe1 axb6 22. cxd5 cxd5 23. Nf3 Qc7 24. Qd1 Qc5 25. h3 Bg6 26. Qd4 Qa5 27.
a3 Be4 28. Nd2 Bxg2 29. Kxg2 Qb5 30. a4 Qc6 31. Nf1 Qe6 32. Ne3 h5 33. g4 hxg4
34. hxg4 Kh7 35. Kf1 Qc6 36. Kg2 Qe6 37. Kf3 Qd6 38. Ke2 Qc6 39. g5 Ne4 40. f3
Nc5 41. Nxd5 Qxa4 42. Qxa4 Nxa4 43. b3 Nc5 44. b4 Nd7 45. f4 Kg6 46. Kf3 Kf5 47.
Ne3+ Ke6 48. Ke4 g6 49. Nc4 f6 50. b5 fxg5 51. fxg5 Nc5+ 52. Kd4 Nb7 1/2-1/2

[Event "5th Prague Masters 2023"]
[Site "Prague CZE"]
[Date "2023.06.21"]
[Round "1.5"]
[White "Martirosyan, Haik M."]
[Black "Robson, Ray"]
[Result "1/2-1/2"]
[WhiteTitle "GM"]
[BlackTitle "GM"]
[WhiteElo "2685"]
[BlackElo "2689"]
[WhiteFideId "13306553"]
[BlackFideId "2023970"]
[EventDate "2023.06.21"]

1. d4 Nf6 2. c4 e6 3. Nf3 d5 4. Nc3 Bb4 5. Bg5 h6 6. Bxf6 Qxf6 7. e3 O-O 8. Rc1
dxc4 9. Bxc4 c5 10. O-O cxd4 11. Ne4 Qe7 12. a3 Ba5 13. Qxd4 Rd8 14. Qc5 Qxc5
15. Nxc5 Nd7 16. Nb3 Bb6 17. Be2 Nf6 18. Ne5 Bd7 19. Nc5 Bxc5 20. Rxc5 Rac8 21.
Rfc1 Rxc5 22. Rxc5 Be8 23. Kf1 Ne4 24. Rc7 Nd6 25. e4 Kf8 26. f3 Rc8 27. Rxc8
Nxc8 28. Nc4 Ke7 29. e5 f6 30. Kf2 b5 31. exf6+ Kxf6 32. Nd2 Nd6 33. Ke3 e5 34.
Kd3 Ke6 35. Kc3 Kd5 36. Bd3 Kc5 37. b4+ Kb6 38. Nb3 g5 39. Nc5 a5 40. Nb3 a4 41.
Nd2 1/2-1/2

[Event "5th Prague Masters 2023"]
[Site "Prague CZE"]
[Date "2023.06.22"]
[Round "2.1"]
[White "Harikrishna, Pentala"]
[Black "Robson, Ray"]
[Result "1/2-1/2"]
[WhiteTitle "GM"]
[BlackTitle "GM"]
[WhiteElo "2704"]
[BlackElo "2689"]
[WhiteFideId "5007003"]
[BlackFideId "2023970"]
[EventDate "2023.06.21"]

1. c4 e5 2. Nc3 Nf6 3. Nf3 Nc6 4. d3 d5 5. cxd5 Nxd5 6. g3 Be7 7. Nxd5 Qxd5 8.
Bg2 O-O 9. O-O Qd6 10. Bg5 Nd4 11. Bxe7 Qxe7 12. Qd2 a5 13. Rac1 c6 14. Rfe1
Nxf3+ 15. Bxf3 Be6 16. a3 a4 17. Rc3 Rfd8 18. Rec1 Bd5 19. Bxd5 Rxd5 20. Rc4 Rd4
21. Qe3 Rad8 22. Rc5 f6 23. R1c4 Qe6 24. f4 Rxc4 25. Rxc4 b5 26. Rc2 Rd5 27. Qb6
Rd6 28. Qb8+ Kf7 29. Qc7+ Kg8 30. f5 Qd5 31. Qc8+ Kf7 32. Qb7+ Kg8 33. Qa8+ Kf7
34. Qb7+ Kg8 35. Qe7 h6 36. Qe8+ Kh7 37. Rc3 Qa2 38. Qg6+ Kg8 39. Qe8+ Kh7 40.
Qg6+ 1/2-1/2

[Event "5th Prague Masters 2023"]
[Site "Prague CZE"]
[Date "2023.06.22"]
[Round "2.2"]
[White "Gelfand, Boris"]
[Black "Martirosyan, Haik M."]
[Result "1/2-1/2"]
[WhiteTitle "GM"]
[BlackTitle "GM"]
[WhiteElo "2668"]
[BlackElo "2685"]
[WhiteFideId "2805677"]
[BlackFideId "13306553"]
[EventDate "2023.06.21"]

1. d4 Nf6 2. c4 e6 3. Nf3 d5 4. Nc3 Nbd7 5. Bf4 dxc4 6. e3 Bd6 7. Bxd6 cxd6 8.
Bxc4 Nb6 9. Bb3 Bd7 10. Qe2 Bc6 11. e4 d5 12. e5 Ne4 13. O-O Nxc3 14. bxc3 Qd7
15. Rfc1 Bb5 16. Qd1 h6 17. a4 Ba6 18. Ne1 O-O 19. a5 Nc4 20. Nd3 Qd8 21. Nc5
Nxa5 22. Nxa6 Nxb3 23. Qxb3 bxa6 24. Rxa6 Qg5 25. Qc2 Rfc8 26. Rca1 Rc7 27. g3
Rac8 28. R1a3 Qg4 29. Qd2 Qg5 30. Qc2 Qg4 1/2-1/2

[Event "5th Prague Masters 2023"]
[Site "Prague CZE"]
[Date "2023.06.22"]
[Round "2.3"]
[White "Deac, Bogdan-Daniel"]
[Black "Shankland, Sam"]
[Result "1/2-1/2"]
[WhiteTitle "GM"]
[BlackTitle "GM"]
[WhiteElo "2693"]
[BlackElo "2711"]
[WhiteFideId "1226380"]
[BlackFideId "2004887"]
[EventDate "2023.06.21"]

1. e4 e5 2. Nf3 Nc6 3. Bb5 a6 4. Ba4 Nf6 5. d3 d6 6. c3 g6 7. Nbd2 Bg7 8. Nf1
O-O 9. Ng3 b5 10. Bc2 Re8 11. O-O Bb7 12. a4 Nb8 13. axb5 axb5 14. Rxa8 Bxa8 15.
Re1 Nbd7 16. b4 d5 17. Be3 Bf8 18. Qb1 Qb8 19. Qa2 Bc6 20. Ra1 Qb7 21. Qb1 Ra8
22. Rxa8 Qxa8 23. h3 Qa3 24. Bb3 Bb7 25. Bc1 Qa8 26. Bc2 Qa6 27. Be3 Qa3 28. Ne2
Bd6 29. Nd2 dxe4 30. dxe4 c5 31. bxc5 Bxc5 32. Bxc5 Qxc5 33. Qb4 Qxb4 34. cxb4
Nb8 35. Bd3 Na6 36. Bxb5 Nxb4 1/2-1/2

[Event "5th Prague Masters 2023"]
[Site "Prague CZE"]
[Date "2023.06.22"]
[Round "2.4"]
[White "Wang, Hao"]
[Black "Navara, David"]
[Result "1/2-1/2"]
[WhiteTitle "GM"]
[BlackTitle "GM"]
[WhiteElo "2722"]
[BlackElo "2689"]
[WhiteFideId "8602883"]
[BlackFideId "309095"]
[EventDate "2023.06.21"]

1. d4 Nf6 2. c4 e6 3. Nf3 d5 4. Nc3 Bb4 5. cxd5 exd5 6. Bf4 O-O 7. Rc1 c6 8. e3
Bf5 9. Qb3 Qb6 10. Be2 Nbd7 11. Nh4 Be6 12. O-O h6 13. Nf3 Ne4 14. Na4 Qa5 15.
a3 Bd6 16. Bxd6 Nxd6 17. Bd3 Rfe8 18. h3 Qd8 19. Qb4 Qc7 20. Nc5 a5 21. Qb3 Nxc5
22. dxc5 Ne4 23. Rfd1 Qe7 24. Qc2 Bf5 25. Nd4 Bg6 26. b4 axb4 27. axb4 Ra3 28.
Bxe4 Bxe4 29. Qe2 Rea8 30. b5 Ra2 31. Rd2 Ra1 32. Rdd1 1/2-1/2

[Event "5th Prague Masters 2023"]
[Site "Prague CZE"]
[Date "2023.06.23"]
[Round "3.2"]
[White "Navara, David"]
[Black "Nguyen, Thai Dai Van"]
[Result "1/2-1/2"]
[WhiteTitle "GM"]
[BlackTitle "GM"]
[WhiteElo "2689"]
[BlackElo "2653"]
[WhiteFideId "309095"]
[BlackFideId "358878"]
[EventDate "2023.06.21"]

1. Nf3 d5 2. b3 Nf6 3. Bb2 e6 4. c4 c5 5. e3 Nc6 6. cxd5 exd5 7. Nc3 Be7 8. d4
O-O 9. Be2 Ne4 10. dxc5 Qa5 11. Rc1 Bf6 12. Nd4 Nxc5 13. Nxc6 bxc6 14. O-O Ne4
15. Qc2 Nxc3 16. Bxc3 Bxc3 17. Qxc3 Qxa2 18. Rc2 Qa3 19. Ra1 Qe7 20. Qxc6 Be6
21. Qc5 Qxc5 22. Rxc5 Rfc8 23. Rxc8+ Rxc8 24. b4 Rc7 25. Kf1 Kf8 26. Ke1 Rb7 27.
b5 Bd7 28. Kd2 Bxb5 29. Bxb5 Rxb5 30. Rxa7 Rb2+ 1/2-1/2

[Event "5th Prague Masters 2023"]
[Site "Prague CZE"]
[Date "2023.06.23"]
[Round "3.3"]
[White "Shankland, Sam"]
[Black "Wang, Hao"]
[Result "1/2-1/2"]
[WhiteTitle "GM"]
[BlackTitle "GM"]
[WhiteElo "2711"]
[BlackElo "2722"]
[WhiteFideId "2004887"]
[BlackFideId "8602883"]
[EventDate "2023.06.21"]

1. e4 c5 2. Nf3 Nc6 3. Bb5 g6 4. Bxc6 bxc6 5. O-O Bg7 6. Re1 Nf6 7. e5 Nd5 8. c4
Nc7 9. d4 cxd4 10. Qxd4 Ne6 11. Qh4 d6 12. exd6 Qxd6 13. Nc3 Bf6 14. Ne4 Bxh4
15. Nxd6+ exd6 16. Nxh4 Kd7 17. Bd2 f6 18. Rad1 a5 19. f4 Ng7 20. Bc3 Rf8 21.
Nf3 Rf7 22. b3 c5 23. Nd2 Bb7 24. Kf2 Nh5 25. Ne4 Bxe4 26. Rxe4 f5 27. Re3 Nf6
28. Bxf6 Rxf6 29. Rde1 Rf7 30. a4 Rb8 1/2-1/2

[Event "5th Prague Masters 2023"]
[Site "Prague CZE"]
[Date "2023.06.23"]
[Round "3.4"]
[White "Martirosyan, Haik M."]
[Black "Deac, Bogdan-Daniel"]
[Result "1/2-1/2"]
[WhiteTitle "GM"]
[BlackTitle "GM"]
[WhiteElo "2685"]
[BlackElo "2693"]
[WhiteFideId "13306553"]
[BlackFideId "1226380"]
[EventDate "2023.06.21"]

1. d4 Nf6 2. c4 e6 3. Nf3 d5 4. Nc3 c5 5. cxd5 cxd4 6. Qxd4 exd5 7. Bg5 Be7 8.
e3 O-O 9. Rd1 Be6 10. Bd3 h6 11. Bh4 Qa5 12. Bb1 Qa6 13. Qd3 Qxd3 14. Bxd3 Nc6
15. O-O g5 16. Bg3 Nh5 17. Bc2 Rfd8 18. Bb3 Nxg3 19. hxg3 g4 20. Nd4 Nxd4 21.
Rxd4 Bf6 22. Rd3 d4 23. Ne4 Bg7 24. Bxe6 fxe6 25. Rfd1 e5 26. exd4 exd4 27. Nc5
Rd5 28. Ne6 Be5 29. Nf4 Rb5 30. R3d2 Rc8 31. Nd3 Bf6 32. Re2 Kf7 33. Ree1 Ra5
34. a3 Rb5 35. Rc1 Rc6 36. Kf1 Rb3 37. Ke2 Bg5 38. Rxc6 bxc6 39. f4 gxf3+ 40.
gxf3 c5 41. f4 Be7 42. Rc1 1/2-1/2

[Event "5th Prague Masters 2023"]
[Site "Prague CZE"]
[Date "2023.06.23"]
[Round "3.5"]
[White "Robson, Ray"]
[Black "Gelfand, Boris"]
[Result "1-0"]
[WhiteTitle "GM"]
[BlackTitle "GM"]
[WhiteElo "2689"]
[BlackElo "2668"]
[WhiteFideId "2023970"]
[BlackFideId "2805677"]
[EventDate "2023.06.21"]

1. e4 c5 2. Nf3 e6 3. d4 cxd4 4. Nxd4 Nf6 5. Nc3 Nc6 6. Nxc6 bxc6 7. e5 Nd5 8.
Ne4 Bb7 9. Nd6+ Bxd6 10. exd6 c5 11. c4 Nb4 12. a3 Nc6 13. Be3 Qf6 14. Qd2 Rb8
15. Bxc5 Qe5+ 16. Be3 Ba6 17. Rb1 Rb3 18. Bd3 O-O 19. Bc2 Rfb8 20. Bxb3 Rxb3 21.
Rc1 Rxb2 22. Qc3 Qxc3+ 23. Rxc3 f6 24. O-O Kf7 25. h3 h5 26. f4 Kg6 27. Rf2 Rb1+
28. Kh2 h4 29. Bc1 Kf5 30. Rb2 Rxb2 31. Bxb2 Kxf4 32. g3+ Kf5 33. gxh4 Kg6 34.
Bc1 e5 35. c5 Be2 36. Rb3 Kf7 37. Rb7 Ke6 38. Rc7 Bh5 39. Rc8 Kd5 40. Rg8 g6 41.
Rg7 Kxc5 42. Rxd7 Kd5 43. Be3 Ke6 44. Rb7 Kxd6 45. Bxa7 f5 46. a4 f4 47. Bb6 Ke6
48. a5 Be2 49. Bc7 Kd5 50. Rb6 Kc5 51. a6 Bd3 52. Kg1 e4 53. a7 Nxa7 54. Rxg6 e3
55. Rg5+ Kc4 56. Bxf4 e2 57. Kf2 Nc6 58. h5 Nd4 59. Bd2 Be4 60. Ke3 1-0

[Event "5th Prague Masters 2023"]
[Site "Prague CZE"]
[Date "2023.06.24"]
[Round "4.1"]
[White "Harikrishna, Pentala"]
[Black "Gelfand, Boris"]
[Result "1/2-1/2"]
[WhiteTitle "GM"]
[BlackTitle "GM"]
[WhiteElo "2704"]
[BlackElo "2668"]
[WhiteFideId "5007003"]
[BlackFideId "2805677"]
[EventDate "2023.06.21"]

1. c4 c5 2. Nf3 Nf6 3. Nc3 Nc6 4. d4 cxd4 5. Nxd4 e6 6. Bf4 d5 7. cxd5 Nxd5 8.
Nxc6 bxc6 9. Bd2 Bb4 10. a3 Nxc3 11. Qc2 Nxe2 12. Bxb4 Nd4 13. Qc3 e5 14. O-O-O
Qg5+ 15. Kb1 Bf5+ 16. Ka2 Be6+ 17. Bc4 Qg4 18. Rc1 Ne2 19. Qxe5 Nxc1+ 20. Rxc1
O-O-O 21. Bxe6+ Qxe6+ 22. Qxe6+ fxe6 23. Rxc6+ Kb7 24. Rxe6 Rhe8 25. Rxe8 Rxe8
26. Kb3 Kc6 27. Bd2 Re4 28. Kc3 Kd5 29. Be3 a6 30. b4 h5 31. h3 Rc4+ 32. Kb3 Re4
33. Kc3 Rc4+ 34. Kb3 Re4 35. Ka4 Kc6 36. Ka5 Kb7 37. b5 axb5 38. Kxb5 g5 39. Kc5
g4 40. hxg4 Rxg4 41. g3 h4 42. gxh4 1/2-1/2

[Event "5th Prague Masters 2023"]
[Site "Prague CZE"]
[Date "2023.06.24"]
[Round "4.2"]
[White "Deac, Bogdan-Daniel"]
[Black "Robson, Ray"]
[Result "1-0"]
[WhiteTitle "GM"]
[BlackTitle "GM"]
[WhiteElo "2693"]
[BlackElo "2689"]
[WhiteFideId "1226380"]
[BlackFideId "2023970"]
[EventDate "2023.06.21"]

1. e4 e5 2. Nf3 Nc6 3. Bb5 Nf6 4. O-O Nxe4 5. Re1 Nd6 6. Nxe5 Be7 7. Bf1 Nxe5 8.
Rxe5 O-O 9. d4 Bf6 10. Re1 Re8 11. Bf4 Rxe1 12. Qxe1 Ne8 13. c3 d5 14. Nd2 Bf5
15. Qe3 c6 16. Re1 h6 17. h3 Bg5 18. g4 Bg6 19. Bxg5 hxg5 20. Nf3 f6 21. h4 gxh4
22. Nxh4 Be4 23. f3 Bh7 24. Bd3 Bxd3 25. Qxd3 Rc8 26. Qf5 Nd6 27. Qe6+ Nf7 28.
Ng6 Rb8 29. Kg2 Qd6 30. Qf5 Nh6 31. Qh5 a5 32. f4 Kh7 33. f5 Kg8 34. Re6 Qc7 35.
Ne7+ Kf8 36. g5 Ng8 37. Qh8 1-0

[Event "5th Prague Masters 2023"]
[Site "Prague CZE"]
[Date "2023.06.24"]
[Round "4.4"]
[White "Nguyen, Thai Dai Van"]
[Black "Shankland, Sam"]
[Result "1/2-1/2"]
[WhiteTitle "GM"]
[BlackTitle "GM"]
[WhiteElo "2653"]
[BlackElo "2711"]
[WhiteFideId "358878"]
[BlackFideId "2004887"]
[EventDate "2023.06.21"]

1. Nf3 d5 2. d4 Nf6 3. c4 e6 4. Nc3 c5 5. cxd5 exd5 6. g3 Nc6 7. Bg2 cxd4 8.
Nxd4 Bc5 9. Nb3 Bb6 10. O-O d4 11. Na4 O-O 12. Bg5 h6 13. Bxf6 Qxf6 14. Nxb6
axb6 15. Bxc6 bxc6 16. Qxd4 Rd8 17. Qxf6 gxf6 18. Rfc1 Be6 19. Kf1 Ra4 20. Ke1
Rda8 21. Rc3 Rxa2 22. Rxa2 Rxa2 23. Nc1 Rxb2 24. Rxc6 b5 25. Nd3 Rb1+ 26. Kd2
Kg7 27. Nf4 Bc4 28. g4 Be6 29. h3 b4 30. Nxe6+ fxe6 31. Rxe6 b3 32. Rb6 b2 33.
f3 Rh1 34. Rxb2 Rxh3 35. Rb5 Kg6 36. Kd3 Rh2 37. Ke3 Rg2 38. Rh5 Rg1 39. Kf2 Ra1
40. f4 Ra4 41. Kf3 Ra3+ 42. e3 Ra7 43. Rb5 Rc7 44. Kg3 Re7 45. Kf3 Rc7 46. Rb6
Ra7 47. Rc6 Rb7 48. Ra6 Rc7 49. f5+ Kg7 50. Kg3 Rc1 51. Ra7+ Kg8 52. Kf3 Rg1 53.
Kf4 Rg2 54. e4 Rg1 55. Ra6 Kg7 56. Re6 Rf1+ 57. Ke3 Rg1 58. Kf3 Rf1+ 59. Kg2 Ra1
60. Re7+ Kg8 61. Kf3 Rf1+ 62. Ke3 Rg1 63. Kd4 Rxg4 64. Kd5 Rf4 65. Ke6 Rxe4+ 66.
Kxf6 Rf4 67. Re8+ Kh7 68. Ke6 Kg7 69. Re7+ Kf8 70. Ra7 1/2-1/2

[Event "5th Prague Masters 2023"]
[Site "Prague CZE"]
[Date "2023.06.25"]
[Round "5.1"]
[White "Navara, David"]
[Black "Harikrishna, Pentala"]
[Result "1/2-1/2"]
[WhiteTitle "GM"]
[BlackTitle "GM"]
[WhiteElo "2689"]
[BlackElo "2704"]
[WhiteFideId "309095"]
[BlackFideId "5007003"]
[EventDate "2023.06.21"]

1. d4 d5 2. c4 e6 3. Nc3 Nf6 4. Nf3 Nbd7 5. cxd5 exd5 6. Bg5 c6 7. Qc2 h6 8. Bh4
Be7 9. e3 O-O 10. Bd3 Re8 11. O-O Ne4 12. Bxe4 Bxh4 13. Bh7+ Kh8 14. Bd3 Bf6 15.
e4 dxe4 16. Nxe4 Nf8 17. Rfe1 Be6 18. Bc4 Kg8 19. Rad1 Be7 20. Ne5 Bxc4 21. Qxc4
Qd5 22. Qa4 Nd7 23. Nc3 Qd6 24. Nxd7 Qxd7 25. d5 Bf6 26. Rxe8+ Rxe8 27. dxc6
Qxc6 28. Qxc6 bxc6 29. Kf1 Bxc3 30. bxc3 Kf8 31. Rd7 Re7 32. Rd8+ Re8 33. Rxe8+
Kxe8 34. Ke2 Kd7 35. Kd3 c5 36. g4 g6 37. h4 f5 38. gxf5 gxf5 39. f4 Kc6 40. c4
h5 41. Kc3 a6 42. Kb3 Kb6 43. Ka4 Kb7 44. Ka5 Ka7 45. a4 Kb7 1/2-1/2

[Event "5th Prague Masters 2023"]
[Site "Prague CZE"]
[Date "2023.06.25"]
[Round "5.3"]
[White "Martirosyan, Haik M."]
[Black "Nguyen, Thai Dai Van"]
[Result "1-0"]
[WhiteTitle "GM"]
[BlackTitle "GM"]
[WhiteElo "2685"]
[BlackElo "2653"]
[WhiteFideId "13306553"]
[BlackFideId "358878"]
[EventDate "2023.06.21"]

1. c4 e6 2. Nc3 Nf6 3. d4 Bb4 4. e3 O-O 5. Bd2 c5 6. a3 Bxc3 7. Bxc3 Ne4 8. Ne2
b6 9. d5 d6 10. f3 Nxc3 11. Nxc3 Re8 12. e4 a6 13. a4 exd5 14. cxd5 f5 15. Bd3
Qh4+ 16. g3 Qh3 17. Qd2 Nd7 18. O-O-O Ne5 19. Bf1 Qh5 20. Be2 Nxf3 21. Qf4 fxe4
22. Nxe4 Rf8 23. Qe3 Bh3 24. Rhf1 Bxf1 25. Rxf1 Qxd5 26. Nc3 Qd4 27. Rxf3 Rfe8
28. Qd2 d5 29. Rf4 Qxd2+ 30. Kxd2 Re5 31. Bd3 g6 32. Rf6 b5 33. axb5 axb5 34.
Bxb5 Rb8 35. Rc6 Rh5 36. h4 c4 37. Rc5 d4 38. Nd5 Kh8 39. Bxc4 Rxb2+ 40. Kc1 Rg2
41. Rc8+ Kg7 42. Rc7+ Kh8 43. Nf6 d3 44. Nxh5 d2+ 45. Kd1 gxh5 46. Bd3 Rxg3 47.
Kxd2 Rg7 48. Rc5 Rg2+ 49. Kc3 h6 50. Rxh5 Kg7 51. Ra5 Rf2 52. h5 Rf4 53. Ra6 Rf6
54. Ra1 Rc6+ 55. Kd4 Rd6+ 56. Ke4 Rb6 57. Rg1+ Kh8 58. Rg6 Rb7 59. Ke5 Rb8 60.
Rxh6+ Kg7 61. Rh7+ Kg8 62. Rd7 Kh8 63. Bf5 Re8+ 64. Kf6 Rf8+ 65. Kg5 Rg8+ 66.
Kh6 Rg7 67. Rd8+ Rg8 68. Rd6 Rg7 69. Bg6 Rg8 70. Bh7 Rb8 71. Rd7 Rc8 72. Bg6 Kg8
73. Rg7+ Kf8 74. Rh7 1-0

[Event "5th Prague Masters 2023"]
[Site "Prague CZE"]
[Date "2023.06.25"]
[Round "5.4"]
[White "Robson, Ray"]
[Black "Wang, Hao"]
[Result "1-0"]
[WhiteTitle "GM"]
[BlackTitle "GM"]
[WhiteElo "2689"]
[BlackElo "2722"]
[WhiteFideId "2023970"]
[BlackFideId "8602883"]
[EventDate "2023.06.21"]

1. e4 c5 2. Nf3 e6 3. d4 cxd4 4. Nxd4 Nf6 5. Nc3 Nc6 6. Nxc6 bxc6 7. e5 Nd5 8.
Ne4 Bb7 9. Nd6+ Bxd6 10. exd6 c5 11. c4 Nf6 12. f3 O-O 13. Bd3 e5 14. O-O h6 15.
Be3 Rc8 16. Bf5 Rc6 17. Qc1 Re8 18. Rd1 e4 19. f4 h5 20. Qc3 Qb6 21. Qd2 a5 22.
b3 Ra8 23. Rab1 Ra6 24. Qf2 Rxd6 25. Bxc5 Rxd1+ 26. Rxd1 Qc7 27. Bd4 Ng4 28.
Bxg4 hxg4 29. Be5 Qc6 30. Rd6 e3 31. Qe2 Qc5 32. Rxd7 Bf3 33. Rd8+ Kh7 34. Qd3+
Rg6 35. Bd4 e2 36. Bxc5 e1=Q+ 37. Qf1 Qe4 38. Bf2 Qe7 39. Qd3 Be4 40. Qd4 Bf5
41. Rd5 Re6 42. Qd1 Kg6 1-0

[Event "5th Prague Masters 2023"]
[Site "Prague CZE"]
[Date "2023.06.25"]
[Round "5.5"]
[White "Gelfand, Boris"]
[Black "Deac, Bogdan-Daniel"]
[Result "1/2-1/2"]
[WhiteTitle "GM"]
[BlackTitle "GM"]
[WhiteElo "2668"]
[BlackElo "2693"]
[WhiteFideId "2805677"]
[BlackFideId "1226380"]
[EventDate "2023.06.21"]

1. d4 Nf6 2. c4 e6 3. Nf3 d5 4. g3 Be7 5. Bg2 O-O 6. Nc3 Nbd7 7. Ne5 c6 8. O-O
Nxe5 9. dxe5 Nd7 10. cxd5 exd5 11. f4 f5 12. Be3 Nc5 13. b4 Ne4 14. Qb3 Kh8 15.
b5 Qe8 16. Rfc1 Bd7 17. Rab1 h5 18. bxc6 bxc6 19. Nxe4 fxe4 20. Qb7 a5 21. Bd4
Bb4 22. e3 Qe6 23. Bc5 Rfb8 24. Qc7 Rc8 25. Qb6 Rcb8 26. Qc7 Rc8 27. Qb6 Rcb8 1/2-1/2

[Event "5th Prague Masters 2023"]
[Site "Prague CZE"]
[Date "2023.06.27"]
[Round "6.1"]
[White "Harikrishna, Pentala"]
[Black "Deac, Bogdan-Daniel"]
[Result "1/2-1/2"]
[WhiteTitle "GM"]
[BlackTitle "GM"]
[WhiteElo "2704"]
[BlackElo "2693"]
[WhiteFideId "5007003"]
[BlackFideId "1226380"]
[EventDate "2023.06.21"]

1. c4 Nf6 2. Nc3 e5 3. Nf3 Nc6 4. e4 Bb4 5. d3 d6 6. a3 Bc5 7. b4 Bb6 8. Be3 Bg4
9. Be2 Bxf3 10. Bxf3 Nd4 11. Na4 Nxf3+ 12. Qxf3 Qd7 13. Nc3 Bxe3 14. fxe3 c6 15.
O-O O-O 16. h3 Qe6 17. Qe2 Rfe8 18. Rf2 Nd7 19. Raf1 f6 20. Rb1 a5 21. b5 Nc5
22. Qc2 Qd7 23. Kh2 Qc7 24. Kh1 Ne6 25. Qd1 Qf7 26. Rfb2 h6 27. bxc6 bxc6 28.
Rb6 Rec8 29. Ne2 Ra7 30. Ng3 g6 31. d4 Rac7 32. Qd2 Nf8 33. Qc3 Ra7 34. R6b2 Qe7
35. Qd2 Kg7 36. Rb6 Ne6 37. Qb2 Nd8 38. Qe2 h5 39. Nf1 Ne6 40. Qd3 Ng5 41. Nd2
exd4 42. exd4 Rac7 43. Rf1 Re8 44. Qg3 Qd8 45. Qf4 Ne6 46. Qf2 Ng5 47. Qf4 Ne6
48. Qe3 Ng5 49. Qd3 Qe7 50. Qg3 Qd8 51. Re1 Re6 52. Reb1 Nxe4 53. Nxe4 Rxe4 54.
Rb8 Rc8 55. Rxc8 Qxc8 56. Qxd6 Re6 57. Qc5 Qd7 58. d5 cxd5 59. cxd5 Re5 60. Rd1
a4 61. Qc4 Qd6 62. Qxa4 Rxd5 63. Qa7+ Kh6 64. Qe3+ g5 65. Rxd5 Qxd5 66. Qc1 Qa5
67. Qa1 Kg7 68. a4 g4 69. hxg4 hxg4 70. Qd4 Qe1+ 71. Kh2 Qh4+ 72. Kg1 Qe1+ 73.
Kh2 1/2-1/2

[Event "5th Prague Masters 2023"]
[Site "Prague CZE"]
[Date "2023.06.27"]
[Round "6.3"]
[White "Nguyen, Thai Dai Van"]
[Black "Robson, Ray"]
[Result "1/2-1/2"]
[WhiteTitle "GM"]
[BlackTitle "GM"]
[WhiteElo "2653"]
[BlackElo "2689"]
[WhiteFideId "358878"]
[BlackFideId "2023970"]
[EventDate "2023.06.21"]

1. Nf3 d5 2. d4 Nf6 3. Bf4 e6 4. e3 Bd6 5. Bd3 O-O 6. O-O Bxf4 7. exf4 b6 8. Qe2
Qd6 9. g3 c5 10. c3 a5 11. Rd1 Ba6 12. Bxa6 Rxa6 13. c4 Ra8 14. Nc3 Nc6 15. Rd2
dxc4 16. Qxc4 Nxd4 17. Nxd4 cxd4 18. Rxd4 Qe7 19. Qb5 Rab8 20. Rad1 Qc5 21. Qe2
b5 22. Ne4 Nxe4 23. Qxe4 h6 24. Kg2 Rbc8 25. R1d2 g6 26. a3 Rc7 27. Rd8 Rxd8 28.
Rxd8+ Kg7 29. h4 Qc6 30. Qxc6 Rxc6 31. Rb8 Rc5 32. b4 axb4 33. axb4 Rd5 34. Kf3
g5 35. fxg5 hxg5 36. hxg5 Rxg5 37. Rb7 Kf6 38. Rd7 Rf5+ 39. Ke3 Re5+ 40. Kd3 Re1
41. Rb7 Rd1+ 42. Ke4 Rd5 43. g4 Re5+ 44. Kf4 Rd5 45. Ke4 1/2-1/2

[Event "5th Prague Masters 2023"]
[Site "Prague CZE"]
[Date "2023.06.27"]
[Round "6.5"]
[White "Navara, David"]
[Black "Shankland, Sam"]
[Result "1/2-1/2"]
[WhiteTitle "GM"]
[BlackTitle "GM"]
[WhiteElo "2689"]
[BlackElo "2711"]
[WhiteFideId "309095"]
[BlackFideId "2004887"]
[EventDate "2023.06.21"]

1. d4 Nf6 2. c4 g6 3. f3 c5 4. d5 d6 5. e4 e6 6. Nc3 Bg7 7. Bg5 h6 8. Be3 exd5
9. cxd5 a6 10. a4 O-O 11. Qd2 Re8 12. Nd1 Kh7 13. Ne2 Nbd7 14. Nec3 Ne5 15. Be2
Rb8 16. a5 b5 17. axb6 Rxb6 18. O-O g5 19. f4 gxf4 20. Bxf4 Ng6 21. Qc2 Kg8 22.
Bg3 h5 23. h3 Nh7 24. Bxh5 Qg5 25. Bxg6 Qxg6 26. Bf4 Nf6 27. Ne3 Nxe4 28. Nc4
Rxb2 29. Nxb2 Bxc3 30. Ra3 Bxh3 31. Rxc3 Nxc3 32. Qxg6+ fxg6 33. gxh3 Ne2+ 34.
Kg2 Nxf4+ 35. Rxf4 Re5 36. Nc4 Rxd5 37. Rf6 Kg7 38. Rxd6 Rxd6 39. Nxd6 a5 40.
Nb7 a4 41. Nxc5 a3 42. Kf3 a2 43. Nb3 g5 44. Kg4 Kg6 45. Na1 Kh6 46. h4 gxh4 47.
Kxh4 1/2-1/2